Maragall i la Setmana Tràgica / Josep Benet
Descripción Física:
189 p. ; 24'5 cm
MARC
| LEADER | 00000nam a2200000Ia 4500 | ||
|---|---|---|---|
| 001 | 8938 | ||
| 003 | BGR | ||
| 005 | 20260324175359.0 | ||
| 008 | 160829s1963 xx 000 0 cat d | ||
| 080 | |a H-2-18 | ||
| 100 | 1 | |a Benet, Josep, |d 1920-2008 |9 30323 | |
| 245 | |a Maragall i la Setmana Tràgica / Josep Benet | ||
| 260 | |a Barcelona : |b Institut d'Estudis Catalans. Secció Històrico - Arqueològica, |c 1963 | ||
| 300 | |a 189 p. ; |c 24'5 cm | ||
| 490 | |a Memòries de la Secció Històrico-Arqueològica ; XXIII | ||
| 590 | |a Premi Joan Maragall | ||
| 650 | 0 | |a Maragall, Joan |x Punts de vista polítics i socials |9 29550 | |
| 650 | |a Setmana Tràgica, Barcelona, 1909 |9 31755 | ||
| 710 | 2 | |a Institut d'Estudis Catalans |9 52284 |b Secció Històrico-Arqueològica | |
| 901 | |a Arxiu | ||
| 942 | |n 1 |2 udc |c MON | ||
| 952 | |0 0 |1 0 |4 0 |6 H218 |7 1 |9 45381 |a Arxiu |b Arxiu |d 2016-12-01 |l 0 |o H-2-18 |p 8938 |r 2016-12-01 00:00:00 |w 2016-12-01 |y ARXIU | ||
| 999 | |c 48462 |d 48462 | ||